00867nam a22001697a 4500999001900000008004100019100002900060110001300089245010200102260003700204300003500241520025000276773003700526906001700563942000700580952011000587 c527462d527462240830b ||||| |||| 00| 0 eng d a Betsey, Charles 947293 a 947294 a Wilson, John Silvanus, Jr. Hope and healing: black colleges and the future of American democracy aJournal of Economic Literature  a62(2), Jun, 2024: p.816-818  aBetsey, Charles. 2024. "Wilson, John Silvanus, Jr. Hope and Healing: Black Colleges and the Future of American Democracy." Journal of Economic Literature, 62 (2): 816–18.-Reproduced https://www.aeaweb.org/articles?id=10.1257/jel.62.2.807.r6  aJournal of Economic Literature  aBOOK REVIEW  cAR 00102ddc40709402549aIIPAbIIPAd2024-08-30h62(2), Jun, 2024: p.816-818 pAR132903r2024-08-30yAR